[Event "SVK-ch Open 2018"]
[Site "Banska Stiavnica"]
[Date "2018.07.12"]
[Round "6"]
[White "Ucekajova, Veronika"]
[Black "Toma, Rudolf"]
[Result "1/2-1/2"]
[WhiteElo "1757"]
[BlackElo "2018"]
[Annotator "NA"]
[PlyCount "71"]
[EventDate "2018.07.07"]
[EventType "swiss"]
[EventCountry "SVK"]
[SourceTitle "playchess.com"]
[Source "ChessBase"]
[SourceQuality "1"]
[TimeControl "40/5400+30:1800+30"]

1. e4 {[%emt 0:00:00]} c6 {[%emt 0:00:27]} 2. Nc3 {[%emt 0:00:00]} e5 {[%emt 0:00:29]} 3. Nf3 {[%emt 0:00:15]} d6 {[%emt 0:00:10]} 4. d4 {[%emt 0:00:41]} Qc7 {[%emt 0:00:59]} 5. Be3 {[%emt 0:07:16]} Nf6 {[%emt 0:01:01]} 6. h3 {[%emt 0:02:23]} Be7 {[%emt 0:00:04]} 7. Be2 {[%emt 0:01:20]} O-O {[%emt 0:02:09]} 8. Qd2 {[%emt 0:02:09]} b5 {[%emt 0:00:14]} 9. a3 {[%emt 0:01:01]} a6 {[%emt 0:01:28]} 10. g4 {[%emt 0:03:52]} Bb7 {[%emt 0:06:21]} 11. g5 {[%emt 0:02:21]} Nxe4 {[%emt 0:02:04]} 12. Nxe4 {[%emt 0:02:07]} exd4 {[%emt 0:00:05]} 13. Qxd4 {[%emt 0:05:16]} c5 {[%emt 0:00:39]} 14. Qd3 {[%emt 0:00:33]} d5 {[%emt 0:00:41]} 15. Ng3 {[%emt 0:03:16]} d4 {[%emt 0:00:22]} 16. Bd2 {[%emt 0:41:36]} g6 {[%emt 0:00:37]} 17. c3 {[%emt 0:02:17]} Nc6 {[%emt 0:02:35]} 18. cxd4 {[%emt 0:01:12]} Nxd4 {[%emt 0:00:24]} 19. Nxd4 {[%emt 0:01:21]} Bxh1 {[%emt 0:00:50]} 20. Nf3 {[%emt 0:00:34]} Bxf3 {[%emt 0:00:59]} 21. Qxf3 {[%emt 0:00:18]} c4 {[%emt 0:04:36]} 22. Ne4 {[%emt 0:03:43]} Rad8 {[%emt 0:06:49]} 23. Bc3 {[%emt 0:00:35]} Qb6 {[%emt 0:01:29]} 24. Nf6+ {[%emt 0:01:29]} Bxf6 {[%emt 0:00:10]} 25. Qxf6 {[%emt 0:00:11]} Qxf6 {[%emt 0:00:08]} 26. Bxf6 {[%emt 0:00:01]} Rc8 {[%emt 0:03:31]} 27. a4 {[%emt 0:00:18]} Rfe8 {[%emt 0:00:20]} 28. axb5 {[%emt 0:00:31]} axb5 {[%emt 0:00:07]} 29. Ra5 {[%emt 0:01:30]} b4 {[%emt 0:00:38]} 30. Re5 {[%emt 0:02:06]} Rxe5 {[%emt 0:04:35]} 31. Bxe5 {[%emt 0:00:01]} c3 {[%emt 0:00:11]} 32. bxc3 {[%emt 0:00:56]} bxc3 {[%emt 0:00:24]} 33. Kd1 {[%emt 0:01:02]} c2+ {[%emt 0:00:05]} 34. Kc1 {[%emt 0:00:02]} Re8 {[%emt 0:00:04]} 35. f4 {[%emt 0:00:06]} Ra8 {[%emt 0:05:46]} 36. Kxc2 {[%emt 0:01:04]} 1/2-1/2

[Event "SVK-ch Open 2018"]
[Site "Banska Stiavnica"]
[Date "2018.07.12"]
[Round "6"]
[White "Fizer, Marek"]
[Black "Nogrady, Vilmos"]
[Result "0-1"]
[WhiteElo "1740"]
[BlackElo "2154"]
[Annotator "NA"]
[PlyCount "102"]
[EventDate "2018.07.07"]
[EventType "swiss"]
[EventCountry "SVK"]
[SourceTitle "playchess.com"]
[Source "ChessBase"]
[SourceQuality "1"]
[TimeControl "40/5400+30:1800+30"]

1. e4 {[%emt 0:00:00]} d5 {[%emt 0:01:05]} 2. exd5 {[%emt 0:00:12]} Qxd5 {[%emt 0:00:03]} 3. Nc3 {[%emt 0:01:14]} Qd6 {[%emt 0:00:01]} 4. Nf3 {[%emt 0:02:29]} Nf6 {[%emt 0:01:25]} 5. d4 {[%emt 0:02:55]} a6 6. Bd3 {[%emt 0:10:23]} Bg4 {[%emt 0:04:17]} 7. O-O {[%emt 0:13:11]} Nc6 {[%emt 0:04:01]} 8. Be3 {[%emt 0:18:46]} O-O-O {[%emt 0:06:57]} 9. h3 {[%emt 0:07:38]} Bh5 {[%emt 0:07:49]} 10. a3 {[%emt 0:11:38]} e5 {[%emt 0:27:41]} 11. dxe5 {[%emt 0:05:54]} Nxe5 {[%emt 0:01:04]} 12. Be2 {[%emt 0:00:12]} Qxd1 {[%emt 0:02:19]} 13. Rfxd1 {[%emt 0:00:25]} Rxd1+ {[%emt 0:00:41]} 14. Rxd1 {[%emt 0:00:13]} Nxf3+ {[%emt 0:00:14]} 15. Bxf3 {[%emt 0:00:54]} Bxf3 {[%emt 0:00:41]} 16. gxf3 {[%emt 0:00:36]} Be7 {[%emt 0:03:42]} 17. Kf1 {[%emt 0:03:19]} Rd8 {[%emt 0:04:11]} 18. Rxd8+ {[%emt 0:01:00]} Kxd8 {[%emt 0:00:23]} 19. Ke2 {[%emt 0:00:07]} Kd7 {[%emt 0:01:31]} 20. Kd3 {[%emt 0:01:25]} Ke6 {[%emt 0:02:32]} 21. Ne2 {[%emt 0:06:05]} g6 {[%emt 0:03:56]} 22. Nd4+ {[%emt 0:02:52]} Kd7 {[%emt 0:00:35]} 23. b4 {[%emt 0:01:59]} c5 {[%emt 0:02:30]} 24. bxc5 {[%emt 0:01:52]} Bxc5 {[%emt 0:00:02]} 25. a4 {[%emt 0:00:34]} Ne8 {[%emt 0:09:23]} 26. Nb3 {[%emt 0:01:28]} Be7 {[%emt 0:01:21]} 27. Kd4 {[%emt 0:01:38]} Nc7 {[%emt 0:03:20]} 28. c4 {[%emt 0:03:05]} f6 {[%emt 0:05:40]} 29. Nd2 {[%emt 0:01:03]} Kc6 {[%emt 0:00:52]} 30. Nb3 {[%emt 0:00:36]} Ne6+ {[%emt 0:02:28]} 31. Ke4 {[%emt 0:00:19]} Nc5+ {[%emt 0:00:42]} 32. Nxc5 {[%emt 0:00:32]} Bxc5 {[%emt 0:00:02]} 33. Bd4 {[%emt 0:00:15]} Bxd4 {[%emt 0:00:51]} 34. Kxd4 {[%emt 0:00:08]} b6 {[%emt 0:00:08]} 35. f4 {[%emt 0:00:41]} Kd6 {[%emt 0:00:40]} 36. h4 {[%emt 0:01:41]} Kc6 {[%emt 0:00:39]} 37. Ke4 {[%emt 0:00:33]} Kc5 {[%emt 0:01:22]} 38. Kd3 {[%emt 0:00:13]} Kb4 {[%emt 0:01:14]} 39. f5 {[%emt 0:00:47]} gxf5 {[%emt 0:00:10]} 40. f4 {[%emt 0:00:04]} Kxa4 {[%emt 0:01:00]} 41. Kc3 {[%emt 0:02:27]} Ka3 {[%emt 0:00:10]} 42. h5 {[%emt 0:00:49]} a5 {[%emt 0:00:39]} 43. h6 {[%emt 0:02:04]} a4 {[%emt 0:00:25]} 44. Kc2 {[%emt 0:00:52]} Kb4 {[%emt 0:00:23]} 45. Kb2 {[%emt 0:00:32]} Kxc4 {[%emt 0:00:07]} 46. Ka3 {[%emt 0:00:07]} b5 {[%emt 0:00:09]} 47. Kb2 {[%emt 0:00:04]} b4 {[%emt 0:00:13]} 48. Ka2 {[%emt 0:00:07]} Kc3 {[%emt 0:00:29]} 49. Kb1 {[%emt 0:00:12]} b3 {[%emt 0:00:11]} 50. Ka1 {[%emt 0:00:19]} a3 {[%emt 0:00:17]} 51. Kb1 {[%emt 0:00:09]} Kd3 {[%emt 0:00:30]} 0-1

[Event "SVK-ch Open 2018"]
[Site "Banska Stiavnica"]
[Date "2018.07.12"]
[Round "6"]
[White "Rakovsky, Jakub"]
[Black "Posa, Norbert"]
[Result "1/2-1/2"]
[WhiteElo "1409"]
[BlackElo "2036"]
[Annotator "NA"]
[PlyCount "110"]
[EventDate "2018.07.07"]
[EventType "swiss"]
[EventCountry "SVK"]
[SourceTitle "playchess.com"]
[Source "ChessBase"]
[SourceQuality "1"]
[TimeControl "40/5400+30:1800+30"]

1. e4 {[%emt 0:00:00]} c6 {[%emt 0:00:00]} 2. Nc3 {[%emt 0:00:12]} d5 {[%emt 0:00:52]} 3. Nf3 {[%emt 0:00:51]} Nf6 {[%emt 0:00:17]} 4. e5 {[%emt 0:01:37]} Ne4 {[%emt 0:00:06]} 5. Ne2 {[%emt 0:00:48]} Qb6 {[%emt 0:00:05]} 6. d4 {[%emt 0:00:14]} e6 {[%emt 0:00:10]} 7. Ng3 {[%emt 0:02:58]} Nxg3 {[%emt 0:00:45]} 8. hxg3 {[%emt 0:00:13]} c5 {[%emt 0:00:24]} 9. c3 {[%emt 0:00:55]} Nc6 {[%emt 0:00:39]} 10. Be2 {[%emt 0:05:10]} cxd4 {[%emt 0:00:56]} 11. cxd4 {[%emt 0:01:31]} Bb4+ {[%emt 0:01:26]} 12. Kf1 {[%emt 0:00:47]} Bd7 {[%emt 0:01:57]} 13. g4 {[%emt 0:05:20]} f6 {[%emt 0:05:39]} 14. Be3 {[%emt 0:07:08]} fxe5 {[%emt 0:07:52]} 15. dxe5 {[%emt 0:06:17]} Bc5 {[%emt 0:02:00]} 16. Bxc5 {[%emt 0:00:44]} Qxc5 {[%emt 0:00:06]} 17. Rc1 {[%emt 0:02:52]} Qb6 {[%emt 0:07:08]} 18. Qd2 {[%emt 0:01:58]} Qb4 {[%emt 0:12:14]} 19. Qg5 {[%emt 0:15:22]} Qe7 {[%emt 0:12:53]} 20. Qh5+ {[%emt 0:14:12]} Qf7 {[%emt 0:06:18]} 21. Bd3 {[%emt 0:07:12]} Qxh5 {[%emt 0:01:21]} 22. Rxh5 {[%emt 0:01:00]} h6 {[%emt 0:01:53]} 23. g5 {[%emt 0:05:37]} Ke7 {[%emt 0:00:42]} 24. Ke2 {[%emt 0:01:43]} Rac8 {[%emt 0:09:12]} 25. Rch1 {[%emt 0:02:17]} Nb4 {[%emt 0:06:25]} 26. gxh6 {[%emt 0:03:13]} Nxd3 {[%emt 0:00:54]} 27. Kxd3 {[%emt 0:00:26]} Be8 {[%emt 0:02:15]} 28. Rg5 {[%emt 0:05:08]} gxh6 {[%emt 0:03:37]} 29. Rg7+ {[%emt 0:02:21]} Bf7 {[%emt 0:01:53]} 30. Nh4 {[%emt 0:02:33]} Kf8 {[%emt 0:01:04]} 31. Rg3 {[%emt 0:00:36]} Rg8 {[%emt 0:01:00]} 32. Rxg8+ {[%emt 0:00:44]} Kxg8 {[%emt 0:00:29]} 33. g4 {[%emt 0:00:38]} Rc4 {[%emt 0:04:55]} 34. f3 {[%emt 0:00:08]} Kg7 {[%emt 0:00:16]} 35. b3 {[%emt 0:00:19]} Rb4 {[%emt 0:02:38]} 36. Rc1 {[%emt 0:01:01]} Bg6+ {[%emt 0:01:13]} 37. Nxg6 {[%emt 0:00:06]} Kxg6 {[%emt 0:00:03]} 38. Rc7 {[%emt 0:00:45]} h5 {[%emt 0:02:31]} 39. gxh5+ {[%emt 0:00:21]} Kxh5 {[%emt 0:00:01]} 40. Rf7 {[%emt 0:01:51]} Rb6 {[%emt 0:02:52]} 41. f4 {[%emt 0:32:04]} Kg4 {[%emt 0:32:53]} 42. Ke3 {[%emt 0:00:40]} Rb4 {[%emt 0:00:00]} 43. Rf6 {[%emt 0:00:00]} Rb6 {[%emt 0:00:00]} 44. Rg6+ {[%emt 0:00:00]} Kh5 {[%emt 0:00:00]} 45. Rg7 {[%emt 0:00:00]} Kh6 {[%emt 0:00:00]} 46. Rg8 {[%emt 0:00:00]} Kh7 {[%emt 0:00:00]} 47. Rf8 {[%emt 0:00:00]} Kg7 {[%emt 0:00:00]} 48. Rf6 {[%emt 0:00:00]} Ra6 {[%emt 0:00:00]} 49. f5 {[%emt 0:00:00]} exf5 {[%emt 0:00:00]} 50. Rxf5 {[%emt 0:00:00]} Rxa2 {[%emt 0:00:00]} 51. e6 {[%emt 0:00:00]} Ra6 {[%emt 0:00:00]} 52. Re5 {[%emt 0:00:00]} Kf8 {[%emt 0:00:00]} 53. Kd4 {[%emt 0:00:00]} Ke7 {[%emt 0:00:00]} 54. Kxd5 {[%emt 0:00:00]} Rd6+ {[%emt 0:00:00]} 55. Kc5 {[%emt 0:00:00]} Rxe6 1/2-1/2

[Event "SVK-ch Open 2018"]
[Site "Banska Stiavnica"]
[Date "2018.07.13"]
[Round "7"]
[White "Pacher, Milan"]
[Black "Sikorova, Olga"]
[Result "1-0"]
[WhiteElo "2467"]
[BlackElo "2193"]
[Annotator "TA"]
[PlyCount "59"]
[EventDate "2018.07.07"]
[EventType "swiss"]
[EventCountry "SVK"]
[SourceTitle "playchess.com"]
[Source "ChessBase"]
[SourceQuality "1"]

{[%evp 20,59,56,50,61,49,68,58,65,78,75,63,82,0,47,21,55,40,173,162,129,136,252,258,261,181,354,315,395,396,390,311,293,352,505,461,454,453,764,772,29979,29980]} 1. d4 Nf6 2. c4 g6 3. Nc3 Bg7 4. e4 d6 5. Nf3 O-O 6. h3 e5 7. d5 a5 8. Bg5 h6 9. Be3 Na6 10. Nd2 {E90: King's Indian: Classical: Early deviations and 6 h3} Ne8 11. g4 {LiveBook: 3 Games} b6 $146 ({Predecessor:} 11... Nc5 12. Nb3 b6 13. Be2 Qh4 14. Qd2 Kh7 15. O-O-O Nxb3+ 16. axb3 Bf6 17. Rdf1 Bg5 18. f4 exf4 19. Bxf4 Bd7 {1-0 (61) Zakhartsov,V (2602)-Kostiukova,L (2214) Cappelle-la-Grande 2011}) 12. h4 {White is slightly better.} Bd7 13. Be2 f5 14. gxf5 gxf5 15. exf5 Bxf5 16. Bg4 ({White should try} 16. f3 $16) 16... Qd7 17. Rg1 Nc5 {[#]} 18. Nde4 $1 {[%mdl 512]} Nd3+ (18... Nxe4 $14 19. Nxe4 Nf6 20. Nxf6+ Rxf6) 19. Qxd3 $18 Bxg4 {[#]} 20. Bxh6 $1 {[%mdl 512]} Rf3 (20... Bxh6 $16 {was worth a try.} 21. f3 Qe7) 21. Qd2 Qf5 22. O-O-O ({Less strong is} 22. Bxg7 Nxg7 23. O-O-O (23. Qh6 Rf4 $11) 23... Rf4 $16) 22... Qh5 $2 (22... Rxc3+ {keeps fighting.} 23. Nxc3 Bxd1) 23. Bxg7 Nxg7 24. Rg2 {And now Rdg1 would win.} Bh3 25. Rh2 {Strongly threatening Rxh3!} Bd7 26. Rg1 Rf7 (26... Kf8 $142 27. Rg5 Qh6) 27. Qg5 Qxg5+ 28. hxg5 {[%cal Bh4g5,Bg5g6][%mdl 32] Black must now prevent Nf6+.} ({Not} 28. Nxg5 Re7 $16) 28... Nf5 (28... Rd8 $142 29. Nf6+ Kf8) 29. g6 Re7 30. Nf6+ {Precision: White = 82%, Black = 19%.} 1-0

[Event "SVK-ch Open 2018"]
[Site "Banska Stiavnica"]
[Date "2018.07.13"]
[Round "7"]
[White "Druska, Juraj"]
[Black "Bokros, Albert"]
[Result "1/2-1/2"]
[WhiteElo "2439"]
[BlackElo "2483"]
[Annotator "TA"]
[PlyCount "52"]
[EventDate "2018.07.07"]
[EventType "swiss"]
[EventCountry "SVK"]
[SourceTitle "playchess.com"]
[Source "ChessBase"]
[SourceQuality "1"]

{[%evp 22,52,49,49,78,77,79,66,75,0,35,37,35,18,52,45,27,52,32,25,30,24,24,0,18,0,0,0,0,0,0,0,0]} 1. e4 c5 2. Nf3 e6 3. d4 cxd4 4. Nxd4 a6 5. Bd3 Qc7 6. O-O Nf6 7. c4 d6 8. Nc3 Be7 9. Be3 O-O 10. Qe2 b6 {B42: Sizilianisch (Paulsen-Variante)} 11. Rac1 Bb7 (11... Nbd7 12. f3 Bb7 13. Rfd1 Rfe8 14. Qf2 Rac8 15. Bf1 Qb8 16. Qg3 Bd8 17. Bg5 Kh8 18. b3 Rc5 19. Be3 Bc7 20. Nde2 d5 21. Bf4 dxe4 22. fxe4 Ne5 23. Qe3 Nh5 {0-1 (43) Forcen Esteban,D (2535)-Mareco,S (2650) Linares 2017}) 12. f4 {LiveBook: 3 Partien} Re8 {Weiß steht etwas besser.} 13. f5 Bf8 14. fxe6 fxe6 15. Bg5 $146 (15. Rxf6 $16 gxf6 {[#]} 16. Nxe6 $1 {[%mdl 512]} Rxe6 17. Qg4+ Kf7 18. Nd5) ({Vorgänger:} 15. Rxf6 gxf6 16. Nxe6 Rxe6 17. Qg4+ Kf7 18. Qh5+ {½-½ (34) Mahia,G (2305)-Grinberg,R (2370) Buenos Aires 1985}) 15... Nbd7 16. b4 Rac8 17. Qe3 Ne5 18. Be2 Qd7 19. Bxf6 gxf6 20. Qh3 Bg7 21. Rf2 Re7 22. Rcf1 Rf8 {Die Stellung ist ausgeglichen.} 23. Nf3 Ng6 {Und ...f5 würde nun gewinnen.} 24. Nh4 Ne5 25. Nf3 $1 Ng6 {Droht ...f5 und aus.} 26. Nh4 Ne5 {Precision: Weiß = 67%, Schwarz = 73%.} 1/2-1/2

[Event "SVK-ch Open 2018"]
[Site "Banska Stiavnica"]
[Date "2018.07.13"]
[Round "7"]
[White "Szeberenyi, Adam"]
[Black "Mrvova, Alena"]
[Result "1-0"]
[WhiteElo "2372"]
[BlackElo "2202"]
[Annotator "NA"]
[PlyCount "77"]
[EventDate "2018.07.07"]
[EventType "swiss"]
[EventCountry "SVK"]
[SourceTitle "playchess.com"]
[Source "ChessBase"]
[SourceQuality "1"]
[TimeControl "40/5400+30:1800+30"]

1. d4 {[%emt 0:00:00]} Nf6 {[%emt 0:00:17]} 2. c4 {[%emt 0:00:09]} e6 {[%emt 0:00:30]} 3. Nf3 {[%emt 0:00:05]} Bb4+ {[%emt 0:02:17]} 4. Bd2 {[%emt 0:00:43]} Be7 {[%emt 0:00:25]} 5. Nc3 {[%emt 0:02:13]} d5 {[%emt 0:03:07]} 6. Bf4 {[%emt 0:00:11]} c6 {[%emt 0:01:30]} 7. e3 {[%emt 0:02:08]} Nbd7 {[%emt 0:01:06]} 8. h3 {[%emt 0:00:24]} Nf8 {[%emt 0:03:43]} 9. Bd3 {[%emt 0:04:48]} dxc4 {[%emt 0:01:27]} 10. Bxc4 {[%emt 0:00:06]} Ng6 {[%emt 0:00:07]} 11. Bg3 {[%emt 0:02:00]} Nd5 {[%emt 0:01:47]} 12. e4 {[%emt 0:14:47]} Nxc3 {[%emt 0:07:23]} 13. bxc3 {[%emt 0:00:07]} O-O {[%emt 0:01:19]} 14. h4 Qa5 {[%emt 0:03:07]} 15. Qc2 {[%emt 0:03:27]} Rd8 {[%emt 0:03:05]} 16. h5 {[%emt 0:01:27]} Nf8 {[%emt 0:00:04]} 17. Kf1 {[%emt 0:01:55]} c5 {[%emt 0:03:14]} 18. h6 {[%emt 0:26:59]} g6 {[%emt 0:00:41]} 19. Bh4 {[%emt 0:10:31]} Bxh4 {[%emt 0:03:59]} 20. Rxh4 {[%emt 0:00:05]} Qc7 {[%emt 0:06:12]} 21. Qc1 {[%emt 0:06:23]} Qe7 {[%emt 0:04:32]} 22. Qf4 {[%emt 0:02:10]} cxd4 {[%emt 0:02:31]} 23. cxd4 {[%emt 0:00:15]} Bd7 {[%emt 0:03:13]} 24. d5 {[%emt 0:01:15]} exd5 {[%emt 0:02:24]} 25. exd5 {[%emt 0:00:11]} Bf5 {[%emt 0:01:09]} 26. Qd4 {[%emt 0:02:09]} Ne6 {[%emt 0:00:04]} 27. Qb2 {[%emt 0:01:04]} b5 {[%emt 0:01:40]} 28. dxe6 {[%emt 0:00:27]} fxe6 {[%emt 0:00:03]} 29. Qxb5 {[%emt 0:02:25]} Rac8 {[%emt 0:00:32]} 30. Re1 {[%emt 0:02:32]} Qf6 {[%emt 0:03:48]} 31. Kg1 {[%emt 0:02:24]} Rd6 {[%emt 0:00:40]} 32. Bb3 {[%emt 0:03:42]} Rdc6 {[%emt 0:05:06]} 33. Rc4 {[%emt 0:03:13]} Rxc4 {[%emt 0:02:49]} 34. Bxc4 {[%emt 0:00:04]} g5 {[%emt 0:02:41]} 35. Qa6 {[%emt 0:02:21]} Re8 {[%emt 0:01:20]} 36. Qc6 {[%emt 0:00:05]} Kf8 {[%emt 0:01:59]} 37. Qd6+ {[%emt 0:01:03]} Kg8 {[%emt 0:00:05]} 38. Qd7 {[%emt 0:00:09]} Kf8 {[%emt 0:00:25]} 39. Nd4 {[%emt 0:02:01]} 1-0

[Event "SVK-ch Open 2018"]
[Site "Banska Stiavnica"]
[Date "2018.07.13"]
[Round "7"]
[White "Jablonicky, Martin"]
[Black "Milcova, Zuzana"]
[Result "1-0"]
[WhiteElo "2356"]
[BlackElo "2002"]
[Annotator "NA"]
[PlyCount "53"]
[EventDate "2018.07.07"]
[EventType "swiss"]
[EventCountry "SVK"]
[SourceTitle "playchess.com"]
[Source "ChessBase"]
[SourceQuality "1"]
[TimeControl "40/5400+30:1800+30"]

1. e4 {[%emt 0:00:00]} c6 {[%emt 0:00:00]} 2. d4 {[%emt 0:00:00]} d5 {[%emt 0:00:00]} 3. e5 {[%emt 0:00:00]} Bf5 {[%emt 0:00:00]} 4. Nf3 {[%emt 0:00:00]} h6 {[%emt 0:01:18]} 5. Be2 {[%emt 0:00:49]} e6 {[%emt 0:00:26]} 6. O-O {[%emt 0:00:06]} c5 {[%emt 0:02:27]} 7. Be3 {[%emt 0:07:00]} Nd7 {[%emt 0:03:17]} 8. Nbd2 {[%emt 0:07:15]} c4 {[%emt 0:13:53]} 9. b3 {[%emt 0:01:39]} b5 {[%emt 0:03:29]} 10. a4 {[%emt 0:00:09]} c3 {[%emt 0:03:21]} 11. axb5 {[%emt 0:00:04]} cxd2 {[%emt 0:00:07]} 12. Qxd2 {[%emt 0:00:15]} g5 {[%emt 0:11:59]} 13. c4 {[%emt 0:03:51]} g4 {[%emt 0:13:52]} 14. Ne1 {[%emt 0:00:08]} f6 {[%emt 0:03:28]} 15. f4 {[%emt 0:01:58]} h5 {[%emt 0:09:00]} 16. c5 {[%emt 0:02:32]} fxe5 {[%emt 0:05:10]} 17. fxe5 {[%emt 0:00:22]} Bh6 {[%emt 0:00:24]} 18. Nd3 {[%emt 0:01:18]} Bxe3+ {[%emt 0:08:34]} 19. Qxe3 {[%emt 0:00:05]} Ne7 {[%emt 0:00:12]} 20. Ra6 {[%emt 0:01:33]} Nc8 {[%emt 0:10:50]} 21. Nf4 {[%emt 0:02:05]} Nb8 {[%emt 0:03:20]} 22. Ra2 {[%emt 0:10:03]} Qd7 {[%emt 0:00:16]} 23. c6 {[%emt 0:04:32]} Qh7 {[%emt 0:01:13]} 24. Bd3 {[%emt 0:01:10]} Rf8 {[%emt 0:03:18]} 25. Nxe6 {[%emt 0:00:38]} Rf7 {[%emt 0:01:58]} 26. Bxf5 {[%emt 0:00:13]} Rxf5 {[%emt 0:00:05]} 27. Rxf5 {[%emt 0:00:03]} 1-0

[Event "SVK-ch Open 2018"]
[Site "Banska Stiavnica"]
[Date "2018.07.13"]
[Round "7"]
[White "Gelle, Istvan"]
[Black "Chrenko, Kristian"]
[Result "1/2-1/2"]
[WhiteElo "2344"]
[BlackElo "1992"]
[Annotator "NA"]
[PlyCount "64"]
[EventDate "2018.07.07"]
[EventType "swiss"]
[EventCountry "SVK"]
[SourceTitle "playchess.com"]
[Source "ChessBase"]
[SourceQuality "1"]
[TimeControl "40/5400+30:1800+30"]

1. d4 {[%emt 0:00:00]} d5 {[%emt 0:00:00]} 2. Bf4 {[%emt 0:00:00]} Nf6 {[%emt 0:00:12]} 3. e3 {[%emt 0:00:00]} e6 {[%emt 0:00:05]} 4. Nd2 {[%emt 0:00:00]} c5 $11 {[%emt 0:00:05] LiveBook: 234 Games} 5. c3 {[%emt 0:00:05]} Nc6 {[%emt 0:00:04]} 6. Ngf3 {[%emt 0:00:10]} Bd6 {[%emt 0:00:07]} 7. Bg3 {[%emt 0:00:08]} O-O {[%emt 0:00:06]} 8. Bd3 {[%emt 0:00:10]} b6 {[%emt 0:00:15]} 9. Ne5 {[%emt 0:01:25]} Bb7 {[%emt 0:00:17]} 10. f4 {[%emt 0:06:42]} Ne7 {[%emt 0:00:24]} 11. Qb1 {[%emt 0:01:00]} g6 {[%emt 0:03:44]} 12. Bh4 {[%emt 0:02:55]} Nf5 {[%emt 0:02:27]} 13. Bxf5 {[%emt 0:09:34]} exf5 {[%emt 0:00:24]} 14. O-O {[%emt 0:12:51]} Be7 {[%emt 0:06:48]} 15. h3 {[%emt 0:06:16]} Ne4 {[%emt 0:08:09]} 16. Bxe7 {[%emt 0:02:00]} Qxe7 {[%emt 0:00:53]} 17. Nxe4 {[%emt 0:00:28]} fxe4 {[%emt 0:00:39]} 18. b4 {[%emt 0:08:39]} cxd4 {[%emt 0:03:52]} 19. cxd4 {[%emt 0:01:14]} Rac8 {[%emt 0:01:20]} 20. Qb2 {[%emt 0:10:55]} Rc7 {[%emt 0:01:41]} 21. Rfc1 {[%emt 0:00:56]} Rfc8 {[%emt 0:00:48]} 22. a3 {[%emt 0:05:24]} h5 {[%emt 0:02:12]} 23. g4 {[%emt 0:01:39]} hxg4 {[%emt 0:03:34]} 24. Nxg4 {[%emt 0:05:37]} Qh4 {[%emt 0:02:13]} 25. Kg2 {[%emt 0:02:20]} Ba6 {[%emt 0:01:19]} 26. Rxc7 {[%emt 0:18:47]} Rxc7 {[%emt 0:00:12]} 27. Qf2 {[%emt 0:00:58]} Qxf2+ {[%emt 0:00:56]} 28. Kxf2 {[%emt 0:00:30]} Rc2+ {[%emt 0:01:07]} 29. Kg3 {[%emt 0:00:33]} Kg7 {[%emt 0:01:05]} 30. a4 {[%emt 0:00:51]} Be2 {[%emt 0:08:27]} 31. Ra3 {[%emt 0:01:16]} Bf3 {[%emt 0:03:07]} 32. b5 {[%emt 0:01:14]} Bxg4 {[%emt 0:10:37]} 1/2-1/2

[Event "SVK-ch Open 2018"]
[Site "Banska Stiavnica"]
[Date "2018.07.13"]
[Round "7"]
[White "Polyik, Peter"]
[Black "Kerdik, Adam"]
[Result "1/2-1/2"]
[WhiteElo "2311"]
[BlackElo "2091"]
[Annotator "NA"]
[PlyCount "71"]
[EventDate "2018.07.07"]
[EventType "swiss"]
[EventCountry "SVK"]
[SourceTitle "playchess.com"]
[Source "ChessBase"]
[SourceQuality "1"]
[TimeControl "40/5400+30:1800+30"]

1. d4 {[%emt 0:00:00]} Nf6 {[%emt 0:00:00]} 2. Nf3 {[%emt 0:00:00]} e6 {[%emt 0:00:34]} 3. e3 {[%emt 0:00:00]} c5 {[%emt 0:03:09]} 4. c4 {[%emt 0:01:04]} cxd4 {[%emt 0:03:32]} 5. exd4 {[%emt 0:00:11]} d5 {[%emt 0:00:49]} 6. Nc3 {[%emt 0:00:17]} Be7 {[%emt 0:04:14]} 7. cxd5 {[%emt 0:01:48]} Nxd5 {[%emt 0:03:18]} 8. Bd3 {[%emt 0:00:21]} O-O {[%emt 0:01:44]} 9. O-O {[%emt 0:00:11]} Nc6 {[%emt 0:02:45]} 10. Re1 {[%emt 0:00:36]} Nxc3 {[%emt 0:06:16]} 11. bxc3 {[%emt 0:00:42]} Bf6 {[%emt 0:00:21]} 12. Qc2 {[%emt 0:09:06]} g6 {[%emt 0:00:31]} 13. h4 {[%emt 0:13:27]} Qa5 {[%emt 0:08:02]} 14. Rb1 {[%emt 0:13:52]} a6 {[%emt 0:02:47]} 15. Bh6 {[%emt 0:07:28]} Rd8 {[%emt 0:04:41]} 16. Bg5 {[%emt 0:02:55]} Bxg5 {[%emt 0:03:13]} 17. hxg5 {[%emt 0:01:20]} b5 {[%emt 0:12:57]} 18. Qb3 {[%emt 0:13:57]} Ra7 {[%emt 0:06:07]} 19. Be4 {[%emt 0:18:58]} Ne7 {[%emt 0:06:11]} 20. Ne5 {[%emt 0:01:03]} Rc7 {[%emt 0:01:16]} 21. Re3 {[%emt 0:00:52]} Nd5 {[%emt 0:01:49]} 22. Bxd5 {[%emt 0:00:05]} Rxd5 {[%emt 0:02:28]} 23. Rh3 {[%emt 0:01:02]} Bb7 {[%emt 0:07:36]} 24. Ng4 {[%emt 0:02:20]} Rxg5 {[%emt 0:01:53]} 25. Nf6+ {[%emt 0:00:05]} Kg7 {[%emt 0:00:06]} 26. Ne8+ {[%emt 0:00:03]} Kg8 {[%emt 0:01:31]} 27. Nf6+ {[%emt 0:00:05]} Kg7 {[%emt 0:00:04]} 28. Ne8+ {[%emt 0:00:03]} Kg8 {[%emt 0:02:55]} 29. Nxc7 {[%emt 0:05:48]} Rxg2+ {[%emt 0:00:30]} 30. Kf1 {[%emt 0:00:02]} Qxc7 {[%emt 0:00:46]} 31. c4 {[%emt 0:00:11]} Qf4 {[%emt 0:02:59]} 32. Qe3 {[%emt 0:00:30]} Qf5 {[%emt 0:01:02]} 33. Rb2 {[%emt 0:00:40]} Qg4 {[%emt 0:00:31]} 34. Rg3 {[%emt 0:01:02]} Qd1+ {[%emt 0:00:57]} 35. Qe1 {[%emt 0:00:02]} Qxd4 {[%emt 0:01:04]} 36. Qc3 {[%emt 0:01:29]} 1/2-1/2